| 000 | 00512nam a2200193Ia 4500 | ||
|---|---|---|---|
| 003 | GCL | ||
| 008 | 140319s9999 xx 000 0 eng d | ||
| 040 |
_aGCL / _cGCL |
||
| 082 | 0 | 4 |
_a519.4 _bS E |
| 100 | 1 | _aSKEEL, ROBERT D. | |
| 245 | 1 | 0 |
_aELEMENTARY NUMERICAL COMPUTING WITH MATHEMATICA / _cSKEEL, ROBERT D. |
| 700 | 1 | _aKEIPER, JERRY B. | |
| 260 |
_a[S.N] : _bMC GRAW - HILL |
||
| 300 | _a424 P | ||
| 650 | 0 | 4 | _aDATA PROCESSING |
| 650 | 0 | 4 | _aMATHEMATICS |
| 650 | 0 | 4 | _aNUMERICAL ANALYSIS |
| 942 |
_2ddc _cBK |
||
| 999 |
_c23704 _d23704 |
||